Bài tập chữa lỗi liên kết câu trong đoạn văn nghị luận cho sinh viên trường Đại học Bạc Liêu : Luận văn Thạc sĩ chuyên ngành Lí luận & Phương pháp dạy Văn-Tiếng Việt

Trên cơ sở nghiên cứu các thành tựu lý thuyết về liên kết câu trong đoạn văn,các bài tập liên kết câu trong giáo trình Tiếng Việt thực hành của một số tác giả có kinh nghiệm,uy tín trong công tác giàng dạybộ môn tiếng Việt,người viet61...

全面介紹

Đã lưu trong:
書目詳細資料
主要作者: Nguyễn, Châu Hận
格式: 圖書
語言:Undetermined
出版: Cần Thơ Trường Đại học Cần Thơ 2010
主題:
標簽: 添加標簽
沒有標簽, 成為第一個標記此記錄!
Thư viện lưu trữ: Trung tâm Học liệu Trường Đại học Cần Thơ
LEADER 01949nam a2200229Ia 4500
001 CTU_163504
008 210402s9999 xx 000 0 und d
082 |a 495.9220711 
082 |b H121 
088 |a 60140111 
100 |a Nguyễn, Châu Hận 
245 0 |a Bài tập chữa lỗi liên kết câu trong đoạn văn nghị luận cho sinh viên trường Đại học Bạc Liêu : 
245 0 |b Luận văn Thạc sĩ chuyên ngành Lí luận & Phương pháp dạy Văn-Tiếng Việt 
245 0 |c Nguyễn Châu Hận; Lê A (Hướng dẫn khoa học) 
260 |a Cần Thơ 
260 |b Trường Đại học Cần Thơ 
260 |c 2010 
520 |a Trên cơ sở nghiên cứu các thành tựu lý thuyết về liên kết câu trong đoạn văn,các bài tập liên kết câu trong giáo trình Tiếng Việt thực hành của một số tác giả có kinh nghiệm,uy tín trong công tác giàng dạybộ môn tiếng Việt,người viet61 tiến hành điều tra khảo sát về kiên kết câu của sinh viên bạc Liêu và bước đầu đề xuất hệ thống bài tập chữa lỗi.Xây dựng cơ sở lý thuyết cho việc đề xuất hệ thống bài tập liên kết câu trong đoạn văn nghị luận.Dự kiến hệ thống bài tập về liên kết cây cho đoạn văn nghị luận,thực hiện thăn dò để điều chỉnh,bổ sung hệ thống bài tập để được đề xuất và đề xuất 1 hệ thống hoàn chỉnh. 
650 |a Vietnamese language,Tiếng Việt 
650 |x Study and teaching,Dạy và học 
904 |i Thoa, Hải 
980 |a Trung tâm Học liệu Trường Đại học Cần Thơ